IFM Opac

A handbook on appropriate technology (Record no. 16518)

MARC details
000 -LEADER
fixed length control field 00328nam a22001337a 4500
082 ## - DEWEY DECIMAL CLASSIFICATION NUMBER
Classification number 338.16 HAN
100 ## - MAIN ENTRY--PERSONAL NAME
Personal name Ontario, Ottawa
245 ## - TITLE STATEMENT
Title A handbook on appropriate technology
250 ## - EDITION STATEMENT
Edition statement 3rd
260 ## - PUBLICATION, DISTRIBUTION, ETC.
Name of publisher, distributor, etc. Canadian hunger foundation
Date of publication, distribution, etc. 1983
300 ## - PHYSICAL DESCRIPTION
Other physical details ill
650 ## - SUBJECT ADDED ENTRY--TOPICAL TERM
Topical term or geographic name entry element A handbook on appropriate technology
942 ## - ADDED ENTRY ELEMENTS (KOHA)
Koha item type Books
Holdings
Withdrawn status Lost status Source of classification or shelving scheme Damaged status Not for loan Home library Current library Shelving location Date acquired Full call number Barcode Date last seen Price effective from Koha item type
    Dewey Decimal Classification     IFM Main Campus Library IFM Main Campus Library   09/29/2016 338.16 HAN 0000005879 09/29/2016 09/29/2016 Books